| 000 | 00694nam a2200205 a 4500 | ||
|---|---|---|---|
| 005 | 20240925064935.0 | ||
| 008 | 010911s2000 r 000 0 eng d | ||
| 020 | _a9701505786 | ||
| 035 | _aUPN01000111272 | ||
| 049 | _aCG | ||
| 050 | 4 |
_aLB1059 _bT7.3 |
|
| 100 | 1 | _aTrotter, Mónica | |
| 245 | 1 | 0 |
_aEstrategias de superaprendizaje : _baprendizaje significativo de manera sencilla, agradable y eficaz para desarrollar el potencial intelectual / _cMónica Trotter. |
| 260 |
_aMéxico : _bAlfaomega, _cc2000. |
||
| 300 |
_a120 p. : _bil. |
||
| 650 | 4 |
_aPsicología del aprendizaje _95221 |
|
| 650 | 4 |
_aMétodos de estudio _94280 |
|
| 650 | 7 |
_aMotivación (Psicología) _2 _95909 |
|
| 905 | _aLibro | ||
| 999 |
_c85181 _d85181 |
||